A forgotten seal
| Main Author: | |
|---|---|
| Format: | Print Article |
| Language: | English |
| Check availability: | HBZ Gateway |
| Interlibrary Loan: | Interlibrary Loan for the Fachinformationsdienste (Specialized Information Services in Germany) |
| Published: |
2003
|
| In: |
Leaves from an epigrapher's notebook
Year: 2003, Pages: 103-104 |
| RelBib Classification: | TC Pre-Christian history ; Ancient Near East |
| Further subjects: | B
Epigraphy
B Ammonite B Seal |
MARC
| LEADER | 00000caa a22000002c 4500 | ||
|---|---|---|---|
| 001 | 1589427564 | ||
| 003 | DE-627 | ||
| 005 | 20200623093222.0 | ||
| 007 | tu | ||
| 008 | 190311s2003 xx ||||| 00| ||eng c | ||
| 020 | |a 1575069113 | ||
| 035 | |a (DE-627)1589427564 | ||
| 035 | |a (DE-576)519427564 | ||
| 035 | |a (DE-599)BSZ519427564 | ||
| 040 | |a DE-627 |b ger |c DE-627 |e rakwb | ||
| 041 | |a eng | ||
| 084 | |a 1 |2 ssgn | ||
| 100 | 1 | |0 (DE-588)119406306 |0 (DE-627)080219802 |0 (DE-576)160646170 |4 aut |a Cross, Frank Moore |d 1921-2012 | |
| 109 | |a Cross, Frank Moore 1921-2012 |a Kros, Frank Mur 1921-2012 |a Cross, Frank M. 1921-2012 |a Mor Qrôs, Franq 1921-2012 |a Ḳros, Franḳ Mur 1921-2012 |a Moore Cross, Frank 1921-2012 |a Qrôs, Franq Môr 1921-2012 |a Cross, Frank Moore Jr. 1921-2012 |a Qrôs, Franq Mûr 1921-2012 | ||
| 245 | 1 | 2 | |a A forgotten seal |
| 264 | 1 | |c 2003 | |
| 336 | |a Text |b txt |2 rdacontent | ||
| 337 | |a ohne Hilfsmittel zu benutzen |b n |2 rdamedia | ||
| 338 | |a Band |b nc |2 rdacarrier | ||
| 500 | |a Erstveröffentlichung: 1974 | ||
| 650 | 0 | 7 | |0 (DE-588)4152508-5 |0 (DE-627)104602953 |0 (DE-576)20979609X |a Epigraphik |2 gnd |
| 650 | 0 | 7 | |0 (DE-588)4054876-4 |0 (DE-627)106160737 |0 (DE-576)209110961 |a Siegel |2 gnd |
| 650 | 0 | 7 | |0 (DE-588)4207444-7 |0 (DE-627)105120073 |0 (DE-576)210180919 |a Ammonitisch |2 gnd |
| 652 | |a TC | ||
| 773 | 0 | 8 | |i In |a Cross, Frank Moore, 1921 - 2012 |t Leaves from an epigrapher's notebook |d Winona Lake, Ind. : Eisenbrauns, 2003 |g (2003), Seite 103-104 |h XX, 371 S |w (DE-627)353206865 |w (DE-576)104018011 |z 1575069113 |7 nnam |
| 773 | 1 | 8 | |g year:2003 |g pages:103-104 |
| 935 | |a BIIN | ||
| 951 | |a AR | ||
| BIB | |a 1 | ||
| ELC | |b 1 | ||
| ITA | |a 1 |t 1 | ||
| LOK | |0 000 xxxxxcx a22 zn 4500 | ||
| LOK | |0 001 3059349592 | ||
| LOK | |0 003 DE-627 | ||
| LOK | |0 004 1589427564 | ||
| LOK | |0 005 20190311205744 | ||
| LOK | |0 008 190311||||||||||||||||ger||||||| | ||
| LOK | |0 035 |a (DE-Tue135-1)155949 | ||
| LOK | |0 040 |a DE-Tue135-1 |c DE-627 |d DE-Tue135-1 | ||
| LOK | |0 852 |a DE-Tue135-1 | ||
| LOK | |0 852 1 |c FTHAT082595/CSF/9 |m p |9 00 | ||
| LOK | |0 852 2 |b H 61 |9 00 | ||
| LOK | |0 935 |a iSWA | ||
| LOK | |0 936ln |0 1442053569 |a TC | ||
| LOK | |0 938 |k p | ||
| LOK | |0 939 |a 11-03-19 |b l12 | ||
| ORI | |a SA-MARC-ixtheoa001.raw | ||
| REL | |a 1 | ||
| STA | 0 | 0 | |a Ammonite,Epigraphy,Inscription studies,Seal,Bulla |
| STB | 0 | 0 | |a Ammonite,Sceau,Épigraphie |
| STC | 0 | 0 | |a Amonita,Epigrafía,Sello |
| STD | 0 | 0 | |a Ammonita,Epigrafia,Sigillo |
| STE | 0 | 0 | |a 印章,戳子,图章,铭刻学,金石学 |
| STF | 0 | 0 | |a 亞捫語,印章,戳子,圖章,銘刻學,金石學 |
| STG | 0 | 0 | |a Amonita,Epigrafia,Selo |
| STH | 0 | 0 | |a Аммонитский (язык),Печать,Эпиграфика |
| STI | 0 | 0 | |a Αμμωνιτικά (γλώσσα),Επιγραφική,Σφραγίδα |
| SUB | |a BIB |a REL | ||
| SYE | 0 | 0 | |a Inschriftenkunde,Epigrafik |



